Životné poistenie a jeho alternatívy na finančnom trhu bakalárska práca

Na minha lista:
Detalhes bibliográficos
Autor principal: Morócz, Oliver
Autor Corporativo: Národohospodárska fakulta EU. Katedra poisťovníctva
Outros Autores: Ondruška, Tomáš, 1988-
Formato: Livro
Idioma:eslovaco
Publicado em: Bratislava 2019
Tags: Adicionar Tag
Sem tags, seja o primeiro a adicionar uma tag!

MARC

LEADER 00000nbm a2200000 4500
001 0257799
005 20191218095228.9
041 0 |a slo 
044 |a SK 
245 1 0 |a Životné poistenie a jeho alternatívy na finančnom trhu  |b bakalárska práca  |c Oliver Morócz ; školiteľ: Tomáš Ondruška 
264 1 |a Bratislava  |c 2019 
300 |a 57 s. 
100 1 |a Morócz, Oliver 
700 1 |a Ondruška, Tomáš, 1988- 
710 2 |a Národohospodárska fakulta EU. Katedra poisťovníctva